000 00996nam a2200289 a 4500
001 000031273
003 DO-SdBNP
005 20260321073642.0
007 ta
008 090929s2009 dr a r 000 p spa d
020 _a9789945131116
040 _aDO-SdBNP
_bspa
_cBNPHU
082 4 _aRD861.44
_bM671h, 2009
_222
245 0 0 _aHay un país en el mundo y otros poemas de Pedro Mir /
_cprólogo Juan Bosch ; compilador Tomás Castro Burdiez.
250 _a2a ed.
260 _aSanto Domingo :
_bFundación para la Educación y el Arte,
_c2009.
300 _a125 p. ;
_c22 cm.
500 _aIncluye referencias bibliográficas y notas al pie de las páginas
590 _aInventariado, 2018/BT
600 1 0 _aMir, Pedro,
_d1913-2000
_97245
650 4 _aPoesía dominicana
_966
650 0 _aLiteratura dominicana.
_967
700 1 _a Bosch, Juan,
_d1909-2001
_epról.
_976555
700 _aCastro, Tomás,
_d1959-
_924641
910 _aValidado. Control de calidad. MFF
942 _2ddc
_cLBS1
999 _c30765
_d30765